000 01117nac a22002651u 4500
008 100915s2004 nju||||| |||| 001 0 eng d
010 _a2003011398
020 _a0471219037
020 _a9780471219033
082 0 0 _a690
_bALL
_222
100 _aAllen, Edward,
_919292
245 1 0 _aFundamentals of Building Construction :
_bMaterials and Methods /
_cEdward Allen and Joseph Iano.
250 _a4th ed.
260 _aHoboken, N.J. :
_bJ. Wiley & Sons,2004
_cc2004.
300 _axii, 900 p. :
_bill. ;
_c29 cm.
504 _aIncludes bibliographical references and index.
650 0 _aBuilding.
_919293
650 0 _aBuilding materials.
_919294
700 1 _aIano, Joseph.
_919295
856 4 2 _3Contributor biographical information
_uhttp://www.loc.gov/catdir/bios/wiley044/2003011398.html
856 4 2 _3Publisher description
_uhttp://www.loc.gov/catdir/description/wiley036/2003011398.html
856 4 2 _3Table of contents
_uhttp://www.loc.gov/catdir/toc/wiley032/2003011398.html
856 4 2 _3Book review (E-STREAMS)
_uhttp://www.e-streams.com/es0709/es0709_3524.html
942 _cBB
_k690 ALL
_2ddc
999 _c1495
_d1495